[Event "Verona Province-ch"]
[Site "Zevio Verona"]
[Date "2013.01.20"]
[Round "5"]
[White "Negro, Raffaele"]
[Black "Scagliarini, Gennaro"]
[Result "1-0"]
[WhiteElo "1826"]
[BlackElo "1722"]
[PlyCount "77"]
[EventDate "2013.01.12"]
[EventType "swiss"]
[EventRounds "6"]
[EventCountry "ITA"]
[SourceTitle "EXT 2024"]
[Source "ChessBase"]
[SourceDate "2023.10.10"]
[SourceVersion "1"]
[SourceVersionDate "2023.10.10"]
[SourceQuality "1"]

1. d4 d5 2. Bf4 e6 3. e3 b6 4. Nf3 Ba6 5. Bxa6 Nxa6 6. Qd3 Nb8 7. Nc3 Bd6 8. Ne5 Bxe5 9. Bxe5 f6 10. Bg3 Ne7 11. e4 0-0 12. 0-0 dxe4 13. Qxe4 c6 14. Qxe6+ Kh8 15. Rfe1 Nd5 16. Bd6 Nc7 17. Bxc7 Qxc7 18. Qe7 Qd8 19. Qb7 Nd7 20. Qxc6 Re8 21. Kf1 Rc8 22. Rxe8+ Qxe8 23. Qb7 a5 24. Re1 Qd8 25. Re7 Qxe7 26. Qxc8+ Nf8 27. Nd5 Qd6 28. Nxb6 h6 29. Qc5 Qd8 30. d5 Kh7 31. d6 Nd7 32. Nxd7 Qxd7 33. b3 Kg6 34. Qc7 Qb5+ 35. c4 Qe5 36. Qe7 Qa1+ 37. Qe1 Qd4 38. f3 a4 39. Qe4+ 1-0

[Event "Verona Province-ch"]
[Site "Zevio Verona"]
[Date "2013.01.20"]
[Round "6"]
[White "Scagliarini, Gennaro"]
[Black "Cordioli, Luca"]
[Result "0-1"]
[WhiteElo "1722"]
[BlackElo "1697"]
[PlyCount "96"]
[EventDate "2013.01.12"]
[EventType "swiss"]
[EventRounds "6"]
[EventCountry "ITA"]
[SourceTitle "EXT 2024"]
[Source "ChessBase"]
[SourceDate "2023.10.10"]
[SourceVersion "1"]
[SourceVersionDate "2023.10.10"]
[SourceQuality "1"]

1. d4 Nf6 2. Bf4 g6 3. c3 Bg7 4. Nd2 d5 5. e3 c6 6. Bd3 0-0 7. h3 Nbd7 8. Ngf3 Re8 9. Ne5 Nxe5 10. Bxe5 Nd7 11. Bxg7 Kxg7 12. h4 e5 13. dxe5 Nxe5 14. Be2 Qb6 15. h5 Qxb2 16. hxg6 hxg6 17. Qc1 Qxc1+ 18. Rxc1 Bf5 19. f4 Nd3+ 20. Bxd3 Rxe3+ 21. Kf2 Rxd3 22. Nf3 Re8 23. Ng5 Kf6 24. Rh7 Re7 25. Re1 Be6 26. g4 Rxc3 27. f5 Kxg5 28. fxe6 Rxe6 29. Rxe6 fxe6 30. Rxb7 Rc2+ 31. Kg3 Rxa2 32. Rb3 Ra4 33. Rc3 Rxg4+ 34. Kf3 Rc4 35. Ra3 Kf5 36. Rxa7 Rc3+ 37. Ke2 Ke4 38. Re7 e5 39. Re6 Kf5 40. Re8 g5 41. Rf8+ Kg4 42. Kd2 Rf3 43. Rc8 Rf6 44. Rc7 Kf3 45. Ra7 g4 46. Ra3+ Kf2 47. Re3 g3 48. Rxe5 g2 0-1

[Event "Verona Province-ch"]
[Site "Zevio Verona"]
[Date "2013.01.12"]
[Round "1"]
[White "Oppici, Gabriele"]
[Black "Scagliarini, Gennaro"]
[Result "1-0"]
[WhiteElo "1977"]
[BlackElo "1722"]
[PlyCount "61"]
[EventDate "2013.01.12"]
[EventType "swiss"]
[EventRounds "6"]
[EventCountry "ITA"]
[SourceTitle "EXT 2024"]
[Source "ChessBase"]
[SourceDate "2023.10.10"]
[SourceVersion "1"]
[SourceVersionDate "2023.10.10"]
[SourceQuality "1"]

1. d4 d5 2. Nf3 Nf6 3. Bf4 e6 4. e3 Be7 5. Bd3 0-0 6. Nbd2 Nbd7 7. c3 c5 8. Ne5 cxd4 9. exd4 Nxe5 10. dxe5 Ne8 11. Qh5 g6 12. Qh6 Ng7 13. g4 Bh4 14. Nf3 Be7 15. h4 f5 16. Ng5 Bxg5 17. hxg5 Kf7 18. Qxh7 Rg8 19. Rh6 Ke7 20. Rxg6 Qf8 21. Rf6 Rh8 22. Qg6 Qg8 23. 0-0-0 Bd7 24. gxf5 Be8 25. Rxe6+ Nxe6 26. Qf6+ Kd7 27. fxe6+ Kc8 28. Bf5 b6 29. Rxd5 Rh1+ 30. Kc2 Bc6 31. Rd8+ 1-0

[Event "Basso Veronese op 5th"]
[Site "Casaleone"]
[Date "2012.05.??"]
[Round "2"]
[White "Rosina, Graziano"]
[Black "Scagliarini, Gennaro"]
[Result "0-1"]
[WhiteElo "1829"]
[BlackElo "1726"]
[PlyCount "134"]
[EventDate "2012.05.19"]
[EventType "swiss"]
[EventRounds "6"]
[EventCountry "ITA"]
[SourceTitle "EXT 2014"]
[Source "ChessBase"]
[SourceDate "2013.11.20"]
[SourceVersion "1"]
[SourceVersionDate "2013.11.20"]
[SourceQuality "1"]

1. Nf3 Nf6 2. c4 e6 3. Nc3 b6 4. g3 Bb7 5. Bg2 Be7 6. 0-0 Nc6 7. d4 d5 8. b3 0-0 9. Bb2 Re8 10. Rc1 Bf8 11. e3 Rb8 12. Re1 Ne7 13. Qc2 Ng6 14. cxd5 exd5 15. Qf5 Bb4 16. Qd3 c6 17. Re2 Bxc3 18. Bxc3 h5 19. h4 Qc8 20. Bb4 Ba6 21. Qc2 Bxe2 22. Qxe2 Qb7 23. Bh3 Ne4 24. Ng5 c5 25. Nxe4 dxe4 26. dxc5 bxc5 27. Bxc5 Ne5 28. Qxh5 Qa6 29. Kg2 Nd3 30. Rc3 Qxa2 31. Qf5 Ne1+ 32. Kf1 Qa1 33. Ke2 Qxc3 34. Bd4 Qd3+ 35. Kxe1 Rbc8 36. Qxc8 Rxc8 37. Bxc8 Qb1+ 38. Kd2 Qxb3 39. Bf5 Qd5 40. Bg4 a5 41. Be2 a4 42. Kc3 Qb3+ 43. Kd2 a3 44. Kc1 Qa2 45. Kd1 Qb1+ 46. Kd2 a2 47. g4 a1Q 48. Bxa1 Qxa1 49. f3 Qb2+ 50. Ke1 exf3 51. Bxf3 g6 52. h5 gxh5 53. gxh5 Kg7 54. Be2 Qe5 55. Kf2 Kh6 56. Bf3 f5 57. Be2 Kg5 58. Bf3 Kh4 59. Bd1 Qb2+ 60. Be2 Kg5 61. Ke1 Qc1+ 62. Kf2 Qh1 63. Bf3 Qh2+ 64. Ke1 Qe5 65. Kd2 f4 66. exf4+ Kxf4 67. Be2 Qd4+ 0-1